[Event "6th Altibox Norway Chess 2018"]
[Site "Stavanger"]
[Date "2018.06.03"]
[Round "6.4"]
[White "Anand, Viswanathan"]
[Black "Mamedyarov, Shakhriyar"]
[Result "1/2-1/2"]
[WhiteElo "2760"]
[BlackElo "2808"]
[Annotator "TA"]
[PlyCount "64"]
[EventDate "2018.05.26"]
[EventType "tourn"]
[EventRounds "9"]
[EventCountry "NOR"]
[SourceTitle "playchess.com"]
[Source "ChessBase"]
[SourceQuality "1"]

{[%evp 14,64,34,34,26,43,43,40,45,0,0,0,0,0,0,-4,-1,0,-5,-20,0,0,0,0,0,0,0,-6,0,0,-6,-11,-9,-8,0,0,0,0,0,0,0,0,0,0,0,0,0,0,0,0,0,0,0]} 1. e4 e5 2. Nf3 Nc6 3. Bb5 g6 4. c3 a6 5. Ba4 Bg7 6. O-O Nge7 7. d4 exd4 8. cxd4 b5 {C60: Ruy Lopez: Unusual Black 3rd moves and 3...g6} 9. Bc2 d5 10. exd5 Nxd5 {White is slightly better.} 11. Re1+ (11. Bg5 Nde7 12. Nc3 h6 13. Bh4 g5 14. Bg3 Bg4 15. Re1 Nxd4 16. Be4 {1-0 (35) Nepomniachtchi,I (2751)-Aronian,L (2789) chess.com INT 2017}) 11... Be6 {The position is equal.} 12. Bg5 Qd7 13. Nc3 {[#] Threatens to win with Nxd5.} O-O 14. Be4 $146 Rae8 15. Bxd5 Bxd5 16. Ne5 $1 {[%cal Re5d7]} Nxe5 17. dxe5 c6 18. f4 f6 19. Bxf6 Bxf6 20. Nxd5 cxd5 21. exf6 Rxe1+ 22. Qxe1 Rxf6 $11 {[%mdl 4096] Endgame KQR-KQR} 23. Qd2 d4 24. Rd1 d3 25. Qxd3 Qxd3 26. Rxd3 Rxf4 {KR-KR} 27. Rd6 Rc4 28. Rxa6 Rc1+ 29. Kf2 Rc2+ 30. Kg1 Rc1+ 31. Kf2 Rc2+ 32. Kg1 Rc1+ {Precision: White = 68%, Black = 79%.} 1/2-1/2

[Event "6th Altibox Norway Chess 2018"]
[Site "Stavanger"]
[Date "2018.06.03"]
[Round "6.5"]
[White "So, Wesley"]
[Black "Carlsen, Magnus"]
[Result "1-0"]
[WhiteElo "2778"]
[BlackElo "2843"]
[Annotator "TA"]
[PlyCount "87"]
[EventDate "2018.05.26"]
[EventType "tourn"]
[EventRounds "9"]
[EventCountry "NOR"]
[SourceTitle "playchess.com"]
[Source "ChessBase"]
[SourceQuality "1"]

{[%evp 21,87,8,30,23,35,22,32,32,39,31,34,21,44,45,41,52,72,57,58,64,64,62,51,33,45,43,95,98,142,118,174,125,120,121,164,164,169,141,142,149,149,133,134,135,134,115,218,222,273,282,320,272,262,264,261,228,185,123,111,92,431,431,413,411,597,585,590,564]} 1. d4 d5 2. c4 c6 3. cxd5 cxd5 4. Bf4 Nf6 5. Nc3 Nc6 6. Nf3 a6 7. Rc1 Bf5 8. e3 Rc8 9. Be2 {D13: Slav Defence: Exchange variation without ...Bf5} e6 10. O-O Nd7 11. Na4 Be7 {LiveBook: 11 Games} 12. h3 O-O 13. a3 Na5 14. Nc5 {[#]} Nc4 $146 ({Predecessor:} 14... Nxc5 15. dxc5 {½-½ (22) Alienkin,A (2387)-Lintchevski,D (2548) Ghent 2016}) 15. b4 (15. Nxb7 Qb6 $15) 15... Nxc5 16. dxc5 Nxa3 17. Nd4 Be4 18. f3 Bg6 19. Qb3 Nc4 20. Bxc4 dxc4 21. Qxc4 Qe8 22. Bg3 {[%cal Bf4g3,Bg3e5,Be5d6][%mdl 32]} e5 23. Nb3 Bd8 ({Black should try} 23... e4 $14) 24. Qd5 $16 Qb5 25. Bxe5 Be7 (25... Re8 $16 {was necessary.}) 26. Qd2 Rfd8 {[#]} 27. Bd6 $1 Bf6 28. e4 h6 29. Nd4 Bxd4+ 30. Qxd4 Re8 31. Rfe1 Kh7 32. g4 {[%cal Bg2g4,Bg4g5][%mdl 32]} f6 33. f4 {[%cal Bf3f4,Bf4f5][%mdl 32]} Qc6 (33... Bf7 $16 34. e5 fxe5 35. fxe5 (35. Bxe5 Rcd8 $16) 35... Rcd8) 34. f5 $18 Bf7 35. h4 Ra8 36. Rc2 {[%cal Bc1c2,Bc2b2,Bb2b6][%mdl 32]} a5 {[#]} 37. g5 $1 {[%mdl 512]} Bh5 (37... fxg5 38. hxg5) 38. g6+ Kh8 {[#]} 39. b5 $36 {[%mdl 2048] White is on the roll.} (39. e5 $1 $18) 39... Qxb5 $16 40. Rb2 Qc6 $2 {[%mdl 8192]} (40... Qd7 $16) 41. Rb6 $18 Qc8 42. Qd5 a4 (42... Rd8 $142 43. Reb1 (43. Rxb7 Rxd6 44. Qf7 Qxc5+ 45. Kf1 Rd7 $11) (43. Qxb7 a4 $18) 43... Bxg6) 43. Rxb7 Rg8 44. c6 {Precision: White = 67%, Black = 41%.} 1-0

[Event "6th Altibox Norway Chess 2018"]
[Site "Stavanger"]
[Date "2018.06.05"]
[Round "7.2"]
[White "Mamedyarov, Shakhriyar"]
[Black "So, Wesley"]
[Result "1/2-1/2"]
[WhiteElo "2808"]
[BlackElo "2778"]
[Annotator "TA"]
[PlyCount "52"]
[EventDate "2018.05.26"]
[EventType "tourn"]
[EventRounds "9"]
[EventCountry "NOR"]
[SourceTitle "playchess.com"]
[Source "ChessBase"]
[SourceQuality "1"]

{[%evp 23,52,2,0,0,-14,-15,0,0,0,-2,-2,-8,-7,0,0,-2,-6,-10,0,0,0,0,0,0,0,0,0,0,0,0,0]} 1. d4 Nf6 2. c4 e6 3. Nf3 d5 4. g3 Be7 5. Bg2 O-O 6. O-O dxc4 7. Qc2 a6 8. a4 Bd7 9. Rd1 {E05: Open Catalan: 5 Nf3 Be7} Bc6 10. Bg5 b5 11. Bxf6 Bxf6 12. Nc3 Qe8 {LiveBook: 4 Games. The position is equal.} 13. e4 (13. d5 exd5 14. Nd4 Qe5 15. e4 dxe4 16. axb5 axb5 17. Nxc6 Nxc6 18. Rxa8 Rxa8 19. Qxe4 Qxe4 20. Bxe4 {½-½ (32) Wojtaszek,R (2744)-Giri,A (2777) Shamkir 2018}) 13... g6 $146 ({Predecessor:} 13... b4 14. Nb1 b3 15. Qe2 Bxa4 16. Qxc4 Bb5 17. Qxb3 {½-½ (60) Prohaszka,P (2596)-Munkhgal,G (2445) Zalakaros 2017}) 14. h4 Nd7 15. axb5 axb5 {Threatening ...b4.} 16. Rxa8 Qxa8 17. d5 exd5 18. exd5 Bb7 {...b4 is the strong threat.} 19. Nxb5 Qa5 20. Nc3 Nb6 21. d6 cxd6 22. Rxd6 Be7 23. Rd1 Bf6 24. Rd6 Be7 25. Rd1 Bf6 26. Rd6 Be7 {Precision: White = 100%, Black = 66%.} 1/2-1/2

[Event "6th Altibox Norway Chess 2018"]
[Site "Stavanger"]
[Date "2018.06.05"]
[Round "7.3"]
[White "Vachier-Lagrave, Maxime"]
[Black "Anand, Viswanathan"]
[Result "0-1"]
[WhiteElo "2789"]
[BlackElo "2760"]
[Annotator "TA"]
[PlyCount "80"]
[EventDate "2018.05.26"]
[EventType "tourn"]
[EventRounds "9"]
[EventCountry "NOR"]
[SourceTitle "playchess.com"]
[Source "ChessBase"]
[SourceQuality "1"]

{[%evp 27,80,6,29,8,8,8,8,5,13,0,0,0,0,-11,-7,-20,-20,-20,-15,-19,-15,-9,0,0,0,0,0,-29,0,0,3,-131,-159,-151,-139,-127,-138,-177,-182,-181,-185,-162,-176,-260,-250,-681,-668,-789,-734,-556,-477,-604,-533,-986,-900]} 1. e4 e5 2. Nf3 Nc6 3. Bb5 a6 4. Ba4 Nf6 5. O-O Nxe4 6. d4 b5 7. Bb3 d5 8. dxe5 Be6 9. c3 Be7 10. Nbd2 O-O 11. Re1 Nc5 12. Nd4 {C83: Open Ruy Lopez: 9 c3 Be7} Nxd4 13. cxd4 Nd3 14. Re3 Nf4 {LiveBook: 5 Games} (14... Nxc1 15. Rxc1 a5 16. f4 g6 17. a4 Rb8 18. Bc2 Qc8 19. Nb3 bxa4 20. Nxa5 {1-0 (37) Short,N (2656)-Tukhaev,A (2551) Kolkata 2018}) 15. Nf3 Bg4 {[%cal Be6g4,Bg4h5,Bh5g6][%mdl 32]} 16. h3 Bh5 {[#]} 17. Rc3 $146 ({Predecessor:} 17. Bc2 Ne6 18. Bf5 c5 19. dxc5 Bxc5 {1-0 (50) Ye,J (2545)-Norri,J (2400) Helsinki 1992}) 17... Ne6 18. g4 Bg6 19. Be3 a5 20. Bc2 Bb4 21. Rb3 f5 22. exf6 Bxc2 23. Qxc2 Qxf6 24. Ne5 c5 {[%cal Bc7c5,Bc5d4][%mdl 32] White must now prevent ...c4.} 25. Nd7 Qf7 26. Nxf8 Rxf8 {[%cal Ba8f8,Bf8f7,Bf7f3][%mdl 32]} 27. Qf5 cxd4 28. Qxf7+ Rxf7 29. Rxb4 (29. a3 $11 {was the only way to keep the balance.} Nc5 30. Rxb4 axb4 31. Bxd4) 29... axb4 $11 {[%mdl 4096] Endgame KRB-KRN} 30. Bd2 {[#]} b3 $1 {[%mdl 512]} 31. axb3 Rf3 32. b4 {[#]} Rd3 $1 {[%cal Rd3d2]} ({Don't do} 32... Rxh3 33. Ra3 $17) 33. Re1 Kf7 ({Don't take} 33... Rxd2 34. Rxe6 Rxb2 35. Rd6 $17) 34. Bc1 Rxh3 35. Re5 {[#]} (35. Kg2 $142 Rb3 36. Re5) 35... Rd3 $1 $19 {[%cal Rd3d1]} 36. Kf1 $2 (36. Re1) 36... Rd1+ {Black is clearly winning.} 37. Re1 Rxe1+ 38. Kxe1 g6 39. f4 Nd8 40. g5 Ke6 {Precision: White = 39%, Black = 88%.} 0-1

[Event "6th Altibox Norway Chess 2018"]
[Site "Stavanger"]
[Date "2018.06.05"]
[Round "7.4"]
[White "Caruana, Fabiano"]
[Black "Nakamura, Hikaru"]
[Result "1/2-1/2"]
[WhiteElo "2822"]
[BlackElo "2769"]
[Annotator "TA"]
[PlyCount "60"]
[EventDate "2018.05.26"]
[EventType "tourn"]
[EventRounds "9"]
[EventCountry "NOR"]
[SourceTitle "playchess.com"]
[Source "ChessBase"]
[SourceQuality "1"]

{[%evp 12,60,21,5,4,0,0,0,14,0,0,0,0,0,12,14,18,0,0,0,0,0,0,0,0,-10,0,-39,-37,-34,-40,-37,-38,-38,-39,-41,-47,-42,-40,-44,-54,-48,-44,-54,-52,-59,0,-48,0,-59,0]} 1. c4 Nf6 2. Nc3 e6 3. e4 d5 4. e5 d4 5. exf6 dxc3 6. bxc3 Qxf6 {A18: English Opening: Flohr-Mikenas System (1 c4 Nf6 2 Nc3 e6 3 e4)} 7. Bd3 {LiveBook: 14 Games} (7. d4 b6 8. h4 Bb7 9. Bg5 Qf5 10. Bd3 Qa5 11. Kf1 Nc6 12. Rb1 f6 13. Bd2 O-O-O 14. a4 e5 15. c5 Bxc5 16. Rb5 Qa6 17. Rh3 Bxd4 18. Be2 Rd6 19. Rb1 Qa5 20. Rb5 Qa6 21. Rb1 Qa5 22. Rb5 {½-½ (22) Aronian,L (2794)-Ding,L (2769) Berlin 2018}) 7... Bd7 8. Nf3 Bc6 {The position is equal.} 9. Bc2 Bxf3 $146 ({Predecessor:} 9... e5 10. d4 Bxf3 11. Qxf3 Qxf3 12. gxf3 exd4 13. Rb1 Nd7 14. cxd4 {½-½ (31) Meskovs,N (2476)-Stupak,K (2561) Baku 2016}) 10. Qxf3 Qxf3 11. gxf3 Nc6 12. Rb1 O-O-O 13. d4 g6 14. Ke2 e5 15. Bg5 Rd6 16. c5 Rd7 17. Bf6 Rg8 18. dxe5 Bxc5 19. Be4 Be7 $1 20. Rxb7 Kxb7 21. Rb1+ Kc8 $1 22. Bxc6 {[#] And now Bb7+ would win.} Bxf6 23. Bxd7+ Kxd7 24. exf6 $15 {[%mdl 4096] Endgame KR-KR} Re8+ 25. Kd3 Re6 26. Rb4 Rxf6 27. Ke3 Re6+ 28. Kd3 Rf6 29. Ke3 Re6+ 30. Kd3 Rf6 {Precision: White = 70%, Black = 76%.} (30... Ra6 $15 31. Rd4+ Kc8) 1/2-1/2

[Event "6th Altibox Norway Chess 2018"]
[Site "Stavanger"]
[Date "2018.06.05"]
[Round "7.5"]
[White "Karjakin, Sergey"]
[Black "Aronian, Levon"]
[Result "1/2-1/2"]
[WhiteElo "2782"]
[BlackElo "2764"]
[Annotator "TA"]
[PlyCount "78"]
[EventDate "2018.05.26"]
[EventType "tourn"]
[EventRounds "9"]
[EventCountry "NOR"]
[SourceTitle "playchess.com"]
[Source "ChessBase"]
[SourceQuality "1"]

{[%evp 24,78,16,0,20,22,13,8,8,7,6,4,10,14,18,2,16,1,17,-9,-5,-16,-6,-6,-4,-3,-8,-8,-3,-17,-17,-17,-14,-12,-15,-27,0,0,0,0,0,0,0,0,0,0,0,0,8,8,8,8,8,8,8,8,8]} 1. d4 Nf6 2. c4 e6 3. Nf3 d5 4. Nc3 Bb4 5. Bg5 h6 6. Bxf6 Qxf6 7. Qa4+ Nc6 8. e3 O-O {D38: Queen's Gambit Declined: Ragozin Defence (4 Nf3 Bb4)} 9. Be2 dxc4 10. O-O Bd7 11. Bxc4 Bxc3 12. bxc3 Rfd8 13. Qa3 {LiveBook: 4 Games} (13. Qd1 {keeps more tension.} Na5 14. Bd3 c5 15. Ne5 Qe7 16. f4) 13... Qe7 (13... b6 {feels hotter.} 14. Rfd1 Na5 15. Be2 Bc6 16. c4 Qg6) 14. Qxe7 Nxe7 {[#]} 15. Rab1 $146 ({Predecessor:} 15. Ne5 Be8 16. Rfb1 {½-½ (46) Navara,D (2730)-So,W (2773) Wijk aan Zee 2016}) 15... b6 16. Ne5 Be8 17. e4 Nc8 18. f3 Nd6 19. Be2 Kf8 20. Kf2 Rac8 21. Nd3 Nb7 22. Nf4 c5 23. Ba6 Rc7 24. Bxb7 Rxb7 25. dxc5 Rd2+ 26. Kg3 Rxa2 27. cxb6 Rxb6 28. Rxb6 axb6 $11 {[%mdl 4096] Endgame KRB-KRN} 29. c4 b5 30. cxb5 {The position is equal.} g5 31. Nd3 {[#] Black must now prevent b6.} Bxb5 32. Rf2 Rxf2 (32... Ra3 {seems wilder.} 33. Ne5 Rc3 34. h4 Rc5 35. Ng4 Kg7) 33. Nxf2 {KB-KN} f5 34. exf5 exf5 35. h4 $1 f4+ 36. Kg4 Bf1 37. hxg5 hxg5 38. Kxg5 Bxg2 39. Kxf4 Bxf3 {Precision: White = 60%, Black = 49%.} 1/2-1/2

[Event "6th Altibox Norway Chess 2018"]
[Site "Stavanger"]
[Date "2018.06.06"]
[Round "8.2"]
[White "Nakamura, Hikaru"]
[Black "Karjakin, Sergey"]
[Result "1-0"]
[WhiteElo "2769"]
[BlackElo "2782"]
[Annotator "TA"]
[PlyCount "81"]
[EventDate "2018.05.26"]
[EventType "tourn"]
[EventRounds "9"]
[EventCountry "NOR"]
[SourceTitle "playchess.com"]
[Source "ChessBase"]
[SourceQuality "1"]

{[%evp 25,81,22,14,0,42,33,66,78,194,162,178,172,214,219,219,201,242,246,247,247,231,214,230,218,239,239,239,232,432,431,512,509,572,558,609,587,713,644,12822,12814,12656,11886,4698,1149,12828,10005,1521,746,29939,29939,29962,29963,29964,9610,29983,29962,29985,29986]} 1. c4 Nf6 2. Nc3 e5 {[%cal Be7e5,Be5e4][%mdl 32]} 3. Nf3 Nc6 4. g3 Bb4 5. Bg2 O-O 6. O-O e4 7. Ng5 Bxc3 8. bxc3 Re8 9. f3 exf3 10. Nxf3 d5 {A29: English Opening: Four Knights Variation with 4 g3} 11. d4 dxc4 12. Bg5 h6 13. Bxf6 Qxf6 {[#] LiveBook: 3 Games} 14. Nd2 $146 {[%cal Bf3d2,Bd2e4,Be4f6][%mdl 32]} ({Predecessor:} 14. e4 Bg4 15. Qa4 Qd6 16. Rae1 Rab8 17. Qxc4 b5 18. e5 bxc4 19. exd6 cxd6 20. Rxe8+ Rxe8 {½-½ (31) Aronian,L (2765)-Anand,V (2816) Saint Louis 2015}) 14... Qe7 (14... Qg6 {is more complex.} 15. e4 Be6 16. Qa4 Qg5 17. Rf2 Qe3) 15. e4 {[%cal Be2e4,Be4e5][%mdl 1056] White has compensation.} Na5 16. e5 Be6 {[#]} (16... Rb8 $16 {was worth a try.}) 17. Ne4 $1 $18 Rad8 18. Qh5 b5 {[#]} 19. Nf6+ $1 {[%mdl 512]} Kh8 {intending ...Rf8.} (19... gxf6 20. Rxf6) 20. d5 Bxd5 21. Bxd5 ({Don't play} 21. Nxd5 $6 Qc5+ 22. Rf2 Rxd5 $16) 21... Rxd5 22. Nxe8 $40 {[%mdl 128] White wants a kill.} ({But not} 22. Nxd5 $6 Qc5+ 23. Rf2 Qxd5 $16) 22... Rxe5 23. Qxf7 Qxe8 24. Qxe8+ ({Resist} 24. Qxc7 $6 Nc6) 24... Rxe8 25. Rae1 Rxe1 26. Rxe1 {[%mdl 4096] Endgame KR-KN} c5 $2 (26... Nb7 27. Re7 Nd6) 27. Kf2 b4 28. Ke3 bxc3 29. Rc1 Nc6 30. Rxc3 Nb4 31. Rxc4 Nxa2 32. Rxc5 Nb4 33. Ke4 Kh7 34. Rc4 (34. Ra5 $142 Nc6 35. Ra6) 34... a5 35. Rc5 a4 36. Ra5 (36. Rc4 $142 Na6 37. Kf5) 36... Nc6 37. Rxa4 Nd8 38. Ra6 Nf7 39. Kf5 (39. h4 $142 Kg8 40. Kf5 Kh7 41. Rb6 Nh8 42. Ke6 h5 43. Rb7 Kg6 44. Re7) 39... Nh8 40. h4 Nf7 41. g4 {Precision: White = 91%, Black = 28%.} 1-0

[Event "6th Altibox Norway Chess 2018"]
[Site "Stavanger"]
[Date "2018.06.06"]
[Round "8.3"]
[White "Anand, Viswanathan"]
[Black "Caruana, Fabiano"]
[Result "0-1"]
[WhiteElo "2760"]
[BlackElo "2822"]
[Annotator "TA"]
[PlyCount "100"]
[EventDate "2018.05.26"]
[EventType "tourn"]
[EventRounds "9"]
[EventCountry "NOR"]
[SourceTitle "playchess.com"]
[Source "ChessBase"]
[SourceQuality "1"]

{[%evp 18,100,20,21,44,40,43,47,37,42,65,50,45,40,56,21,25,29,27,34,36,15,39,18,35,6,34,0,19,0,0,-30,-31,-28,-12,-40,-43,-43,-39,-41,-37,-45,-40,-44,-38,-112,-112,-113,-113,-113,-113,-111,-111,-112,-89,-289,-286,-282,-264,-250,-110,-239,-232,-204,-133,-149,0,-154,-61,-94,-111,-80,-79,-117,-131,-131,-110,-240,-235,-163,-152,-1660,-1462,-1352,-1108]} 1. e4 e5 2. Nf3 Nf6 3. Nxe5 d6 4. Nf3 Nxe4 5. d3 Nf6 6. d4 d5 7. Bd3 Bd6 8. O-O O-O 9. Bg5 h6 10. Bh4 {LiveBook: 12 Games} Nc6 {C01: French: Exchange Variation} (10... c6 11. Nc3 Bg4 12. h3 Bh5 13. g4 Bg6 14. Ne5 Bxd3 15. Qxd3 Be7 16. Rae1 Nbd7 17. f4 Rc8 18. Kg2 {½-½ (29) Voiculescu,C (2583)-Szczepanski,Z (2580) ICCF email 2010}) 11. c3 g5 12. Bg3 Ne4 $146 {White is slightly better.} ({Predecessor:} 12... Re8 13. Qc2 g4 14. Nh4 Ne4 15. Bxd6 Nxd6 16. g3 Qg5 17. Nd2 Bd7 18. Rfe1 Rxe1+ 19. Rxe1 {1-0 (73) Tieken,F (2111)-Sousa,C (2124) ICCF email 2014}) 13. Bxd6 cxd6 14. Nfd2 f5 15. Na3 Be6 16. Nc2 Nxd2 17. Qxd2 f4 $1 18. Rae1 Qf6 19. f3 Rf7 20. Re2 Raf8 21. Ne1 Ne7 22. Bc2 {[%cal Bd3c2,Bc2b3,Bb3d5][%mdl 32]} a5 23. Bb3 Rg7 24. Qd3 Bd7 $1 25. a4 Kh8 26. Qd2 h5 27. Nd3 Nf5 28. Bxd5 Ne3 29. Rxe3 fxe3 30. Qxe3 Bxa4 31. Ra1 (31. b4 $15) 31... Re7 $17 32. Qd2 Bb5 $1 33. Rxa5 Bxd3 $1 34. Qxd3 Re1+ 35. Kf2 Rfe8 $1 36. Ra8 $2 (36. Rb5 $17 Qf4 37. g3) 36... Qf4 $1 $19 {[%cal Rf4h4]} ({Stronger than} 36... Rxa8 37. Kxe1 Qe7+ 38. Qe4 $14) 37. Rxe8+ Rxe8 {[%mdl 4096] Endgame KQR-KQB} 38. Qd1 Qxh2 (38... Qh4+ $19 39. Kf1 Qxh2) 39. Qd2 (39. Be4 $17 {was forced.}) 39... Qh4+ 40. Kf1 Qh1+ 41. Kf2 Qh4+ 42. Kf1 Ra8 (42... Kg7 $17 {aiming for ...g4.} 43. Be4 g4) 43. Ke2 $1 $15 {next Qe3 is good for White.} Ra1 {Strongly threatening ...Qh1.} 44. Kd3 b5 45. c4 bxc4+ 46. Kxc4 {[#]} Qf4 $1 {[%cal Rf4d2]} 47. Qe2 {[#]} (47. Qxf4 $17 {was the only defense.} gxf4 48. Bf7) 47... Qc1+ $1 $19 48. Kb5 {White threatens Qe8+ and mate.} Qc8 {( -> ...Qa6+)} 49. Kb6 $2 (49. Kb4 $17) 49... Qb8+ 50. Kc6 Rc1+ {Precision: White = 33%, Black = 53%.} 0-1

[Event "6th Altibox Norway Chess 2018"]
[Site "Stavanger"]
[Date "2018.06.06"]
[Round "8.4"]
[White "So, Wesley"]
[Black "Vachier-Lagrave, Maxime"]
[Result "1/2-1/2"]
[WhiteElo "2778"]
[BlackElo "2789"]
[Annotator "TA"]
[PlyCount "159"]
[EventDate "2018.05.26"]
[EventType "tourn"]
[EventRounds "9"]
[EventCountry "NOR"]
[SourceTitle "playchess.com"]
[Source "ChessBase"]
[SourceQuality "1"]

{[%evp 15,159,-4,0,0,2,7,27,25,15,15,15,15,12,13,4,9,22,22,22,0,0,0,15,12,0,6,16,0,0,0,0,0,0,-15,-15,-24,-24,-22,-23,-21,-12,-25,0,-31,-28,-38,-38,-32,-31,-31,-31,-31,-31,-31,-31,-31,-31,-31,-31,-31,-31,-31,-31,-31,-31,-31,-31,-31,-31,-31,-38,-31,-31,-38,-38,-38,-38,-38,-38,-38,-38,-38,-38,-39,-38,-39,-39,-44,-39,-45,-38,-38,-38,-38,-38,-38,-38,-41,-25,-33,-27,-27,-27,-45,-35,-62,-25,-33,-33,-33,-33,-33,-25,-25,-25,-25,-25,-25,-25,-25,-25,-25,-25,-25,-25,-25,-25,-25,-25,-25,-25,-25,-25,-25,-25,-25,-25,-25,-25,-25,-25,-25,-25,-25,-25,-25]} 1. e4 c5 2. Nf3 d6 3. d4 cxd4 4. Nxd4 Nf6 5. Nc3 a6 6. Be2 e5 7. Nf3 Be7 8. Bg5 Nbd7 9. a4 {B92: Sicilian Najdorf: 6 Be2} h6 10. Be3 Ng4 $146 11. Bc1 {White has an edge.} Ngf6 12. Nd2 Nc5 13. O-O Qc7 14. a5 Be6 15. Re1 O-O 16. Bf3 Rad8 17. Nd5 Nxd5 18. exd5 Bf5 19. b4 Nd7 {[%cal Bc5d7,Bd7e5,Be5d3][%mdl 32]} 20. c4 Bg5 21. Be2 e4 22. Nb3 {[%cal Bd2b3,Bb3d4,Bd4c2][%mdl 32]} Bf6 23. Nd4 Bg6 24. Be3 Ne5 25. Qb3 Nd3 26. Red1 Rfe8 27. Ra2 Qe7 28. Nc2 Rc8 29. Ne1 {[%cal Re1d3]} Bg5 30. Bxg5 hxg5 31. Raa1 $1 {[%cal Re1d3]} Qc7 32. Nxd3 exd3 33. Bxd3 Bxd3 34. Qxd3 Qxc4 35. Qd2 Re2 36. Qxg5 Qxb4 37. h3 Re5 38. Qd2 Qxd2 39. Rxd2 $15 {[%mdl 4096] Endgame KRR-KRR} Rc5 40. Rb2 Re7 41. Rab1 Rxa5 42. Rxb7 Rxb7 43. Rxb7 Rxd5 {KR-KR} 44. Kf1 g6 45. Ke2 Kg7 46. h4 a5 47. Ra7 Kf6 48. g4 Rd4 49. h5 a4 50. f3 gxh5 51. gxh5 Rh4 52. h6 Rxh6 53. Rxa4 Ke5 54. Re4+ Kf5 55. Rd4 Re6+ 56. Kd3 f6 57. Kd2 Kg6 58. Rg4+ Kf7 59. Rf4 Re5 60. Rd4 d5 61. Ra4 Kg6 62. Ra6 Kf5 63. Rd6 Re6 64. Rxd5+ {Black has an edge.} Kf4 65. Kd3 $1 Kxf3 66. Rf5+ Kg4 67. Rf1 f5 68. Rg1+ Kf4 {...Re5 is the strong threat.} 69. Rf1+ Kg5 {[#] Hoping for ...f4.} 70. Rg1+ Kf6 71. Rf1 Re8 72. Kd4 Re5 73. Rh1 Re2 74. Kd3 Re8 (74... Re7 {feels hotter.} 75. Rf1 Re5 76. Kd4 Re4+ 77. Kd3 Kg5) 75. Rf1 Kg5 {[#] aiming for ...f4.} 76. Rg1+ Kh4 77. Rf1 Kg4 78. Rg1+ Kh3 {White must now prevent ...f4.} 79. Rf1 Re5 {Threatens to win with ...Kg3.} 80. Kd4 {Precision: White = 79%, Black = 72%.} 1/2-1/2

[Event "6th Altibox Norway Chess 2018"]
[Site "Stavanger"]
[Date "2018.06.06"]
[Round "8.5"]
[White "Carlsen, Magnus"]
[Black "Mamedyarov, Shakhriyar"]
[Result "1/2-1/2"]
[WhiteElo "2843"]
[BlackElo "2808"]
[Annotator "TA"]
[PlyCount "100"]
[EventDate "2018.05.26"]
[EventType "tourn"]
[EventRounds "9"]
[EventCountry "NOR"]
[SourceTitle "playchess.com"]
[Source "ChessBase"]
[SourceQuality "1"]

{[%evp 20,100,27,9,52,52,54,34,50,46,49,43,35,34,52,49,52,20,35,35,33,37,37,37,34,45,63,61,72,72,106,88,83,56,47,30,26,2,4,0,0,0,0,0,0,0,0,-31,-1,-1,-1,-6,-3,-7,0,0,0,0,0,0,8,0,0,0,0,0,0,0,0,0,0,0,0,0,0,0,0,0,0,0,0,0,0]} 1. e4 e5 2. Nf3 Nc6 3. Bb5 a6 4. Ba4 Nf6 5. O-O Nxe4 6. d4 b5 7. Bb3 d5 8. dxe5 Be6 9. c3 Be7 10. Re1 O-O 11. Nbd2 Nxd2 {C83: Open Ruy Lopez: 9 c3 Be7} (11... Nc5 12. Nd4 Nxd4 13. cxd4 Nd3 14. Re3 Nxc1 15. Rxc1 a5 16. f4 g6 17. a4 Rb8 18. Bc2 Qc8 19. Nb3 bxa4 20. Nxa5 {1-0 (37) Short,N (2656)-Tukhaev,A (2551) Kolkata 2018}) 12. Qxd2 Qd7 13. Qd3 Rad8 {White is slightly better.} 14. Bc2 {[%csl Gc2][%cal Rd3h7] [#]} g6 15. Bh6 Rfe8 16. Rad1 d4 $146 ({Predecessor:} 16... f6 17. exf6 Bxf6 18. h3 Bf7 19. Bf4 Rxe1+ 20. Rxe1 {0-1 (48) Fox,A-Schroeder,A New York,NY 1916}) 17. Nxd4 Nxd4 18. Qxd4 Qxd4 19. Rxd4 Rxd4 20. cxd4 c5 21. dxc5 Bxc5 22. b3 a5 23. h3 b4 24. Rd1 Rc8 25. Rd2 Be7 26. Bd1 Rc5 27. Bf4 g5 28. Bg3 (28. Be3 $5 {[%cal Re3c5]} Rxe5 29. Rc2 $14) 28... Kg7 29. f4 Rc1 30. Kh2 Bc5 31. fxg5 Be3 32. Rd3 $1 Bxg5 33. h4 Bf5 34. Rf3 {The position is equal.} Bg4 35. hxg5 Rxd1 $11 {[%mdl 4096] Endgame KRB-KRB} 36. Rf2 Be6 37. Bf4 Rd3 38. Rf3 Rxf3 39. gxf3 {KB-KB} Bf5 40. e6 fxe6 41. Bc7 Bb1 42. Bxa5 Bxa2 43. Bxb4 Bxb3 44. Bc3+ Kg6 45. f4 Kf7 46. Kg3 Kg6 47. Be5 Kf7 48. Bc3 Kg6 49. Be5 Kf7 50. Bc3 Kg6 {Precision: White = 77%, Black = 60%.} 1/2-1/2

[Event "6th Altibox Norway Chess 2018"]
[Site "Stavanger"]
[Date "2018.06.07"]
[Round "9.2"]
[White "Vachier-Lagrave, Maxime"]
[Black "Carlsen, Magnus"]
[Result "1/2-1/2"]
[WhiteElo "2789"]
[BlackElo "2843"]
[Annotator "TA"]
[PlyCount "33"]
[EventDate "2018.05.26"]
[EventType "tourn"]
[EventRounds "9"]
[EventCountry "NOR"]
[SourceTitle "playchess.com"]
[Source "ChessBase"]
[SourceQuality "1"]

{[%evp 25,33,24,24,31,16,0,31,0,17,0]} 1. e4 e5 2. Nf3 Nc6 3. Bb5 {[%cal Bf1b5,Bb5a4,Ba4b3][%mdl 32]} a6 4. Ba4 Nf6 5. O-O Be7 6. d3 b5 7. Bb3 d6 8. a3 O-O 9. Nc3 Na5 {C77: Spanische Partie (Anderssen-Variante)} 10. Ba2 Be6 11. b4 Bxa2 12. Rxa2 Nc6 13. Bg5 Ng4 {LiveBook: 3 Partien} 14. Bd2 Nf6 {[#]} 15. Bg5 $146 ({Vorgänger:} 15. Re1 Qd7 16. Nd5 Nxd5 17. exd5 {½-½ (46) Vachier Lagrave,M (2796)-Aronian,L (2801) Palma de Mallorca 2017}) 15... Ng4 16. Bd2 Nf6 17. Bg5 1/2-1/2